000 00548nam a2200169 4500
999 _c4296
_d4296
008 160903b xxu||||| |||| 00| 0 eng d
022 _a2094-8042
082 _aDPer 370.105 M72 Jan-Dec 2012 v. 60-61
100 _918721
_aUreta, Remedios A.
243 _aThe modern teacher
245 _aImportance of breakfast for pupils/
_cRemedios A. Ureta.
260 _aPhilippines:
_bIn the Grade School, Inc.,
_c©2012.
300 _av60 n2, pages 60-61;
_c28 cm.
500 _aThe Modern Teacher
650 0 _914035
_aBreakfasts
942 _2ddc
_cPER